[Event "Challenge"]
[Site "http://www.queenalice.com/game.php?id=1036571"]
[Date "2012.3.6"]
[Round "-"]
[White "plot24"]
[Black "gabriellima"]
[Result "1-0"]
[WhiteElo "1907"]
[BlackElo "1834"]

1. d4 d5 2. c4 c6 3. Nf3 Nf6 4. Nc3 a6 5. cxd5 cxd5 6. g3 Nc6 7. Bg5 e6 8. Bg2
Be7 9. O-O O-O 10. Re1 Ng4 11. Bxe7 Qxe7 12. e3 e5 13. Nxd5 Qd6 14. Nb6 Rb8 15.
Nxc8 Rbxc8 16. dxe5 Qxd1 17. Raxd1 Ncxe5 18. Nxe5 Nxe5 19. Bxb7 Rc2 20. Bxa6
Rxb2 21. Re2 Rb6 22. Bd3 Kh8 23. Be4 f5 24. Bxf5 Rbf6 25. Bh3 Nf3+ 26. Kg2 Ng5
27. a4 Ne4 28. Rf1 Ra8 29. Bd7 Nc3 30. Rc2 Ne4 31. Rc8+ Rxc8 32. Bxc8 g6 33. a5
Rf7 34. a6 Ra7 35. Rb1 Nc5 36. Rb6 Kg7 37. Rb7+ Nxb7 38. axb7 Rxb7 39. Bxb7 Kf6
40. f4 h6 41. h4 Kf5 42. Kf3 h5 43. Be4+ Kf6 44. Bxg6 Kxg6 45. e4 Kf6 46. g4
hxg4+ 47. Kxg4 Kg6 48. e5 1-0

[Event "Desafio # 5"]
[Site "http://www.queenalice.com/game.php?id=1036926"]
[Date "2012.3.7"]
[Round "-"]
[White "Lintz"]
[Black "gabriellima"]
[Result "1-0"]
[WhiteElo "1826"]
[BlackElo "1837"]

1. e4 e5 2. Nf3 Nc6 3. Bb5 d6 4. c3 Bd7 5. Bc4 Be7 6. d4 exd4 7. cxd4 Bg4 8. Be2
Bxf3 9. Bxf3 Nf6 10. O-O O-O 11. b3 Qd7 12. Bb2 d5 13. e5 Ne4 14. Bxe4 dxe4 15.
d5 Na5 16. Nc3 c6 17. d6 Bg5 18. Nxe4 Qf5 19. Nxg5 Qxg5 20. Re1 Rad8 21. Qd3
Rfe8 22. b4 Re6 23. bxa5 Rg6 24. Qf3 h6 25. Rad1 Re6 26. Re4 f5 27. exf6 1-0

[Event "Desafio # 6"]
[Site "http://www.queenalice.com/game.php?id=1036929"]
[Date "2012.3.7"]
[Round "-"]
[White "gabriellima"]
[Black "Lintz"]
[Result "1-0"]
[WhiteElo "1821"]
[BlackElo "1831"]

1. d4 d5 2. c4 c6 3. Nc3 Nf6 4. Nf3 e6 5. Bg5 Be7 6. e3 O-O 7. Bd3 b6 8. Qc2 g6
9. h4 Bb7 10. Bxf6 Bxf6 11. h5 dxc4 12. Bxc4 Qe7 13. hxg6 fxg6 14. Bd3 Qg7 15.
Nh4 Bxh4 16. Rxh4 Nd7 17. O-O-O Kf7 18. Rdh1 Rh8 19. Ne4 Ke7 20. Ng5 Nf8 21. Rf4
Kd8 22. Nf7+ Ke7 23. Nxh8 Qxh8 24. Rh3 Nd7 25. Bxg6 1-0

[Event "Challenge"]
[Site "http://www.queenalice.com/game.php?id=1040129"]
[Date "2012.3.17"]
[Round "-"]
[White "gabriellima"]
[Black "Kirita"]
[Result "0-1"]
[WhiteElo "1766"]
[BlackElo "1802"]

1. e4 e5 2. Nf3 d6 3. Nc3 Bg4 4. Bc4 Nf6 5. h3 Bxf3 6. Qxf3 Nbd7 7. d3 a6 8. Bg5
Be7 9. Nd5 b5 10. Nxf6+ Bxf6 11. Bxf6 Nxf6 12. Bb3 c5 13. Bd5 Rb8 14. O-O O-O
15. b3 Nxd5 16. exd5 f5 17. Qe2 Qg5 18. Qe3 f4 19. Qf3 Qf5 20. Qe4 a5 21. f3 g5
22. a4 b4 23. g4 fxg3 24. Qxf5 Rxf5 25. Kg2 h5 26. Kxg3 Kg7 27. Kg2 Kh6 28. Rae1
Rbf8 29. Re3 g4 30. hxg4 hxg4 31. Rh1+ Kg5 32. fxg4 Rf2+ 33. Kg3 Rxc2 34. Rh5+
Kg6 35. Rh2 Rxh2 36. Kxh2 Kg5 37. Kg3 Rf1 38. Rf3 Rb1 39. Rf5+ Kg6 40. Rf8 Rxb3
41. Rd8 Rxd3+ 42. Kf2 Rxd5 43. Rg8+ Kf7 44. Rb8 Rd2+ 45. Ke3 Ra2 46. Rd8 Rxa4
47. Rxd6 b3 48. Rb6 Rb4 49. Rxb4 axb4 50. Kd2 c4 51. Kc1 Kf6 0-1

[Event "AUTO-ADV-2444"]
[Site "http://www.queenalice.com/game.php?id=1040590"]
[Date "2012.3.19"]
[Round "1"]
[White "Extremumfelicitatum"]
[Black "gabriellima"]
[Result "0-1"]
[WhiteElo "1929"]
[BlackElo "1801"]

1. e4 e5 2. Nf3 Nc6 3. d4 exd4 4. Nxd4 Nxd4 5. Qxd4 c5 6. Qa4 b6 7. Nc3 Bb7 8.
Bf4 g6 9. O-O-O Bc6 10. Bb5 Bxb5 11. Nxb5 Bh6 12. Nc7+ Qxc7 13. Bxh6 Nxh6 0-1

[Event "AUTO-ADV-2444"]
[Site "http://www.queenalice.com/game.php?id=1040591"]
[Date "2012.3.19"]
[Round "1"]
[White "gabriellima"]
[Black "Extremumfelicitatum"]
[Result "1/2-1/2"]
[WhiteElo "1784"]
[BlackElo "1975"]

1. e4 e5 2. Nf3 Nc6 3. Nc3 Nf6 4. Bc4 Bb4 5. d3 d6 6. Ng5 O-O 7. O-O h6 8. Nxf7
Rxf7 9. Bxf7+ Kxf7 10. f4 Kg8 11. fxe5 Nxe5 12. Qe1 Be6 13. Qg3 Kh7 14. Nd5 Nxd5
15. exd5 Bxd5 16. d4 Ng6 17. c3 Ba5 18. Be3 Qh4 19. Qxh4 Nxh4 20. Rf2 Re8 21.
Bf4 g5 22. Bg3 Ng6 23. b4 Bb6 24. a3 a5 25. Rff1 axb4 26. axb4 Re2 27. Rf2 Rxf2
28. Kxf2 c5 29. bxc5 dxc5 30. dxc5 Bxc5+ 31. Kf1 Nf4 32. Bxf4 gxf4 33. Ra5 b6
34. Ra7+ Kg6 35. Rd7 Bc4+ 36. Ke1 Bb5 37. Rd1 Kf5 38. Rd5+ Kg4 39. Rd1 1/2-1/2

[Event "AUTO-ADV-2444"]
[Site "http://www.queenalice.com/game.php?id=1040606"]
[Date "2012.3.19"]
[Round "1"]
[White "gabriellima"]
[Black "tewald"]
[Result "0-1"]
[WhiteElo "1792"]
[BlackElo "1993"]

1. e4 e6 2. d4 d5 3. e5 c5 4. c3 Nc6 5. Bb5 Bd7 6. Nf3 Nxe5 7. Nxe5 Bxb5 8. Qf3
Nf6 9. Bg5 cxd4 10. cxd4 Be7 11. Nc3 Qa5 12. a4 Ba6 13. Nd3 Bxd3 14. Qxd3 h6 15.
Bxf6 Bxf6 16. O-O O-O 17. f4 Qb6 18. Qd2 Bxd4+ 19. Kh1 Rfc8 20. a5 Bxc3 21. Qxc3
Qc7 22. Qg3 f5 23. Rfe1 Qc6 24. h3 Rf8 25. Rac1 Qe8 26. Rc7 Rf7 27. Rec1 Rb8 28.
b4 a6 29. Qg6 Rxc7 30. Qxe8+ Rxe8 31. Rxc7 Rd8 32. Kg1 d4 33. Kf1 Kh7 34. Rxb7
d3 35. Ke1 Rd6 36. Rb6 Rd4 37. Rxe6 Rxb4 38. Rxa6 Rxf4 39. Rd6 Ra4 40. a6 h5 41.
Kd2 Ra3 42. Rxd3 Rxa6 43. Ke3 Kh6 44. Kf4 g6 45. g4 hxg4 46. hxg4 Ra4+ 47. Ke5
Rxg4 48. Kf6 Kh5 49. Rh3+ Rh4 50. Rg3 f4 51. Rxg6 Rg4 0-1

[Event "AUTO-ADV-2444"]
[Site "http://www.queenalice.com/game.php?id=1040607"]
[Date "2012.3.19"]
[Round "1"]
[White "tewald"]
[Black "gabriellima"]
[Result "1-0"]
[WhiteElo "1969"]
[BlackElo "1812"]

1. e4 e5 2. Nf3 Nc6 3. d4 exd4 4. Nxd4 Nxd4 5. Qxd4 c5 6. Qe5+ Qe7 7. Qxe7+ Bxe7
8. Nc3 d6 9. Nd5 Bd8 10. Bf4 Nf6 11. Bxd6 Nxd5 12. exd5 a6 13. Bxc5 b6 14. Ba3
Bb7 15. c4 Be7 16. Bxe7 Kxe7 17. Bd3 Rhe8 18. O-O g6 19. h3 Kf8 20. b4 Rad8 21.
a4 Bc8 22. Rae1 Kg7 23. Rxe8 Rxe8 24. g4 Bd7 25. b5 axb5 26. axb5 Ra8 27. Re1
Ra3 28. Bf1 Rc3 29. Re7 Bxb5 30. cxb5 Rc5 31. d6 Rc8 32. Rc7 Rd8 33. d7 Kf6 34.
Bg2 Ke7 35. Bc6 1-0

[Event "AUTO-ADV-2444"]
[Site "http://www.queenalice.com/game.php?id=1040608"]
[Date "2012.3.19"]
[Round "1"]
[White "gabriellima"]
[Black "vindaloo"]
[Result "0-1"]
[WhiteElo "1822"]
[BlackElo "1877"]

1. e4 c5 2. Nf3 d6 3. c3 Nf6 4. Qe2 Nc6 5. d3 g6 6. Be3 Bg7 7. Qd2 b5 8. Be2 b4
9. cxb4 Nxb4 10. Nc3 O-O 11. Bh6 Bxh6 12. Qxh6 Nc2+ 13. Kd1 Nxa1 14. Nd5 Ng4 15.
Qh4 f6 16. h3 Ne5 17. Nxe5 dxe5 18. Qg3 Rb8 19. b3 e6 20. Ne3 Qa5 21. Bh5 Kg7
22. Ke2 Qxa2+ 23. Kf3 Nxb3 24. h4 Nd4+ 25. Kg4 f5+ 26. exf5 exf5+ 0-1

[Event "AUTO-ADV-2444"]
[Site "http://www.queenalice.com/game.php?id=1040609"]
[Date "2012.3.19"]
[Round "1"]
[White "vindaloo"]
[Black "gabriellima"]
[Result "1/2-1/2"]
[WhiteElo "1910"]
[BlackElo "1808"]

1. e4 e5 2. Nf3 Nc6 3. d3 Bc5 4. c3 Nf6 5. Be2 O-O 6. Nbd2 d6 7. b4 Bb6 8. Nc4
a6 9. Nxb6 cxb6 10. Be3 Bg4 11. h3 Bxf3 12. Bxf3 a5 13. b5 Na7 14. a4 Qc7 15.
Qc1 Rfc8 16. Bd2 Qd7 17. O-O d5 18. Qb2 dxe4 19. dxe4 Rd8 20. Rfd1 h6 21. Bxh6
Qe7 22. Bd2 Rd7 23. c4 Rad8 24. Qc2 Rd4 25. Be3 R4d6 26. Rd2 Rxd2 27. Bxd2 Qd6
28. Rd1 Qe6 29. Be3 Rc8 30. Be2 Kh8 31. Bc1 Kg8 1/2-1/2

[Event "Desafio # 07"]
[Site "http://www.queenalice.com/game.php?id=1040835"]
[Date "2012.3.20"]
[Round "-"]
[White "Lintz"]
[Black "gabriellima"]
[Result "1-0"]
[WhiteElo "1742"]
[BlackElo "1784"]

1. e4 e5 2. Nf3 Nc6 3. Bb5 Nd4 4. Nxd4 exd4 5. O-O a6 6. Be2 c5 7. c3 Nf6 8. e5
Nd5 9. cxd4 cxd4 10. Bf3 Nc7 11. a4 Bc5 12. b3 O-O 13. Bb2 d6 14. exd6 Qxd6 15.
Ba3 Bxa3 16. Nxa3 Be6 17. Qb1 Bd5 18. Bxd5 Nxd5 19. Nc4 Qe6 20. d3 Nc3 21. Qe1
Qxe1 22. Rfxe1 Nd5 23. g3 Nb4 24. Rad1 h6 25. Re7 Rab8 26. Nd6 Nc6 27. Rxb7 Rxb7
28. Nxb7 Rb8 29. Nc5 Na5 30. Rb1 g6 31. b4 Nc6 32. b5 axb5 33. axb5 Ne5 34. b6
Kf8 35. f4 Rc8 36. fxe5 Rxc5 37. b7 1-0

[Event "Desafio # 08"]
[Site "http://www.queenalice.com/game.php?id=1040839"]
[Date "2012.3.20"]
[Round "-"]
[White "gabriellima"]
[Black "Lintz"]
[Result "0-1"]
[WhiteElo "1802"]
[BlackElo "1748"]

1. d4 e6 2. e4 d5 3. e5 Nc6 4. Nf3 h6 5. Nc3 Bd7 6. Bd3 Qe7 7. Be3 O-O-O 8. O-O
f6 9. Bf4 g5 10. exf6 Nxf6 11. Be5 Bg7 12. Re1 Kb8 13. a4 g4 14. Bxf6 Bxf6 15.
Ne5 h5 16. Bb5 Nxe5 17. dxe5 Bg7 18. Qd4 c5 19. Qe3 d4 20. Qe4 dxc3 21. bxc3
Bxb5 22. axb5 Rd5 23. Ra2 Rxe5 24. Qxe5+ Bxe5 25. Rxe5 Qd6 26. Re1 e5 27. Rea1
Kc7 28. Rxa7 Rb8 29. g3 c4 30. R7a4 Qc5 0-1

[Event "Challenge"]
[Site "http://www.queenalice.com/game.php?id=1045012"]
[Date "2012.4.2"]
[Round "-"]
[White "filomenos"]
[Black "gabriellima"]
[Result "0-1"]
[WhiteElo "1798"]
[BlackElo "1788"]

1. d4 d5 2. g3 Nc6 3. Bg2 Nf6 4. Nf3 Bf5 5. c3 e6 6. Bg5 Be7 7. O-O O-O 8. Nbd2
Ne4 9. Bxe7 Qxe7 10. Nxe4 Bxe4 11. Qd2 f5 12. Ng5 Bxg2 13. Kxg2 h6 14. Nf3 Rf6
15. Qd3 f4 16. e4 dxe4 17. Qxe4 Raf8 18. Rae1 Qf7 19. Ne5 Nxe5 20. dxe5 Rf5 21.
g4 f3+ 22. Kh1 Rf4 23. Qxb7 Rxg4 24. h3 Qh5 0-1

[Event "Challenge"]
[Site "http://www.queenalice.com/game.php?id=1045013"]
[Date "2012.4.2"]
[Round "-"]
[White "gabriellima"]
[Black "filomenos"]
[Result "1-0"]
[WhiteElo "1751"]
[BlackElo "1817"]

1. e4 d5 2. exd5 Qxd5 3. Nc3 Qe6+ 4. Be2 c6 5. Nf3 g6 6. O-O Bg7 7. Re1 Qd7 8.
d4 Nf6 9. Bg5 O-O 10. Qd2 Re8 11. Bd3 Qd8 12. Ne4 Bf5 13. Nxf6+ Bxf6 14. Bxf5
gxf5 15. Bxf6 exf6 16. Qh6 Kh8 17. h3 Re6 18. Nh4 Qxd4 19. Nxf5 Rxe1+ 20. Rxe1
1-0

[Event "Desafio # 9"]
[Site "http://www.queenalice.com/game.php?id=1047346"]
[Date "2012.4.9"]
[Round "-"]
[White "Lintz"]
[Black "gabriellima"]
[Result "0-1"]
[WhiteElo "1815"]
[BlackElo "1770"]

1. e4 e5 2. Nf3 Nc6 3. Bb5 d6 4. Nc3 Bd7 5. b3 Nf6 6. O-O Be7 7. Bb2 O-O 8. d4
exd4 9. Nxd4 Nxd4 10. Bxd7 Qxd7 11. Qxd4 c5 12. Qd1 Qc6 13. Nd5 Nxd5 14. exd5
Qd7 15. c4 Qf5 16. Re1 Bf6 17. Bxf6 Qxf6 18. Qe2 h6 19. Qe7 Qxe7 20. Rxe7 b6 21.
Rae1 Rfd8 22. Rc7 Rdc8 23. Ree7 Rxc7 24. Rxc7 Re8 25. Rxa7 Re1# 0-1

[Event "Desafio # 10"]
[Site "http://www.queenalice.com/game.php?id=1047347"]
[Date "2012.4.9"]
[Round "-"]
[White "gabriellima"]
[Black "Lintz"]
[Result "0-1"]
[WhiteElo "1827"]
[BlackElo "1860"]

1. e4 e5 2. Nf3 Nc6 3. Nc3 d6 4. Bc4 Be7 5. O-O Nf6 6. d3 O-O 7. Be3 a6 8. Qd2
Na5 9. b3 Nxc4 10. bxc4 c5 11. Nd5 Nxd5 12. cxd5 b6 13. c4 b5 14. a3 Bb7 15. h3
f5 16. exf5 Rxf5 17. Nh2 Bg5 18. Bxg5 Rxg5 19. f4 Rf5 20. Ng4 exf4 21. Rxf4 Qg5
22. Raf1 Bc8 23. Qf2 Rxf4 24. Qxf4 Qxf4 25. Rxf4 Bxg4 26. Rxg4 Re8 27. Kf2 b4
28. axb4 cxb4 29. Kg1 b3 30. Rf4 Re1+ 31. Kf2 b2 32. Kxe1 b1=Q+ 33. Ke2 Qc2+ 34.
Ke3 Qxg2 35. Rf3 a5 36. Kf4 a4 37. Rg3 Qxg3+ 38. Kxg3 a3 39. Kf4 g6 40. Ke4 Kf7
41. Kd4 a2 0-1

[Event "Challenge"]
[Site "http://www.queenalice.com/game.php?id=1052944"]
[Date "2012.4.26"]
[Round "-"]
[White "Lintz"]
[Black "gabriellima"]
[Result "1-0"]
[WhiteElo "1822"]
[BlackElo "1812"]

1. e4 e5 2. Nf3 Nc6 3. Bb5 d6 4. c3 Bd7 5. Bc4 Nf6 6. d3 Be7 7. O-O O-O 8. Bb3
Be6 9. Bxe6 fxe6 10. b3 Ng4 11. d4 d5 12. dxe5 Ngxe5 13. exd5 exd5 14. Bb2 Nxf3+
15. gxf3 Rf6 16. c4 dxc4 17. Qc2 Rg6+ 18. Kh1 Bd6 19. Qxc4+ Kh8 20. Rg1 Qh4 21.
Qxh4 Rxg1+ 22. Kxg1 Re8 23. Qg4 1-0

[Event "Challenge"]
[Site "http://www.queenalice.com/game.php?id=1052945"]
[Date "2012.4.26"]
[Round "-"]
[White "gabriellima"]
[Black "Lintz"]
[Result "0-1"]
[WhiteElo "1823"]
[BlackElo "1876"]

1. e4 e5 2. Bc4 Nf6 3. Nc3 c6 4. Nf3 d6 5. O-O Be7 6. d3 Bg4 7. h3 Bh5 8. Bg5 a5
9. Qe2 b5 10. Nxb5 cxb5 11. Bxb5+ Nfd7 12. Bxe7 Qxe7 13. Qe3 Bxf3 14. Qxf3 O-O
15. c4 Nc5 16. b3 Qc7 17. Qe3 Nbd7 18. Bxd7 Qxd7 19. f4 exf4 20. Rxf4 Ne6 21.
Rf2 Qa7 22. Qg3 Qb6 23. Rf1 f5 24. exf5 Rxf5 25. Kh1 Rxf2 26. Rxf2 Rf8 27. Rxf8+
Nxf8 28. Qf3 g6 29. Qd5+ Kg7 30. Qf3 Ne6 31. Qg4 Qe3 32. Qd1 Nf4 33. Qa1+ Kh6
34. Qd1 Qxd3 35. Qxd3 Nxd3 36. a3 Nc1 37. b4 axb4 38. axb4 Nd3 39. b5 Kg7 40.
Kg1 Kf6 41. Kf1 Ke5 42. Ke2 Kd4 43. b6 Nc5 44. Kd2 Kxc4 45. Kc2 Kb5 46. b7 Nxb7
47. Kb3 d5 48. Kc3 Kc5 49. g4 Na5 50. Kd3 d4 51. Kd2 Kc4 52. Kc2 d3+ 53. Kd2
Nb3+ 54. Kd1 Kc3 55. h4 h6 56. Ke1 Kc2 57. g5 hxg5 58. hxg5 d2+ 0-1

[Event "Challenge"]
[Site "http://www.queenalice.com/game.php?id=1065535"]
[Date "2012.5.29"]
[Round "-"]
[White "gabriellima"]
[Black "plot24"]
[Result "1/2-1/2"]
[WhiteElo "1793"]
[BlackElo "1803"]

1. e4 e5 2. Nf3 Nc6 3. Bc4 Nf6 4. Ng5 d5 5. exd5 Na5 6. Bb5+ c6 7. dxc6 bxc6 8.
Ba4 h6 9. Nf3 e4 10. Qe2 Be7 11. Ne5 Qb6 12. O-O O-O 13. Nc3 Nd5 14. Nxe4 Ba6
15. d3 Qd4 16. Nc4 Nxc4 17. dxc4 Bxc4 18. c3 Bxe2 19. cxd4 Bxf1 20. Kxf1 Rab8
21. Bxc6 Nf6 22. Nxf6+ Bxf6 23. d5 Rb6 24. Rb1 Rfb8 25. b3 Kf8 26. Be3 Ra6 27.
a4 Ke7 28. Bb5 Ra5 29. Bd2 Raxb5 30. axb5 Rxb5 31. Be3 a5 32. Bd2 Rxd5 33. Be1
Rb5 34. b4 axb4 35. Rxb4 Rxb4 36. Bxb4+ Ke6 37. Ke2 Kf5 38. Kf3 h5 39. h3 g5 40.
g4+ hxg4+ 41. hxg4+ Ke6 42. Ke4 Be5 43. f3 f6 44. Bd2 Bd6 1/2-1/2

[Event "Challenge"]
[Site "http://www.queenalice.com/game.php?id=1071938"]
[Date "2012.6.14"]
[Round "-"]
[White "Marcos_197"]
[Black "gabriellima"]
[Result "0-1"]
[WhiteElo "1624"]
[BlackElo "1818"]

1. c4 e5 2. d3 Nf6 3. Bg5 Be7 4. Nf3 Nc6 5. g3 Ng4 6. Bxe7 Qxe7 7. Bg2 d6 8. O-O
O-O 9. Nc3 Be6 10. h3 Nf6 11. b4 Qd7 12. Ng5 Bf5 13. e4 Be6 14. Nd5 Bxd5 15.
exd5 Nd4 16. Ne4 Qe7 17. Nd2 Rab8 18. Nb3 Nxb3 19. axb3 a6 20. Re1 h6 21. Rc1 b6
22. d4 Qd7 23. dxe5 dxe5 24. Rxe5 Qd6 25. Qd4 Qxb4 26. Rc3 Nd7 27. Re4 Nc5 28.
Rg4 f6 29. Qe3 Kh8 30. Qe7 Rg8 31. Rf3 Rbe8 0-1

[Event "Challenge"]
[Site "http://www.queenalice.com/game.php?id=1088122"]
[Date "2012.7.28"]
[Round "-"]
[White "plot24"]
[Black "gabriellima"]
[Result "0-1"]
[WhiteElo "1687"]
[BlackElo "1807"]

1. d4 d5 2. c4 c6 3. e3 Nf6 4. Nc3 Bf5 5. Bd3 Qc8 6. Nf3 Bxd3 7. Qxd3 e6 8. O-O
Be7 9. b3 O-O 10. Rb1 Nbd7 11. b4 b6 12. Ba3 c5 13. dxc5 bxc5 14. bxc5 Bxc5 15.
Bb2 Rb8 16. cxd5 exd5 17. Nxd5 Nxd5 18. Qxd5 Bb6 19. Ng5 Qd8 20. Rfd1 Nf6 21.
Qxd8 Bxd8 22. f3 h6 23. Nh3 Nh7 24. Nf2 Bb6 25. Bd4 Bxd4 26. Rxd4 Rxb1+ 0-1